| 000 | 00532nam a22001577a 4500 | ||
|---|---|---|---|
| 020 | _qHard Cover. | ||
| 082 | _a620.005 | ||
| 100 | _aRaza Zaidi, Kumail | ||
| 245 |
_aEffectiveness and Future Prospects of Telemedicine Applications in Pakistan / _cKumail Raza Zaidi |
||
| 260 |
_aIslamabad : _bCEME - NUST, _c2013. |
||
| 300 |
_a96 p. : ill. ; _c30cm. |
||
| 650 |
_aEngineering Management-MS-Thesis _916065 |
||
| 700 |
_aDr. Akhtar Nawaz Malik. _916099 |
||
| 942 |
_2ddc _cTHE |
||
| 999 |
_c536499 _d536499 |
||